| 000 | 01798nam a2200301 i 4500 | ||
|---|---|---|---|
| 001 | 000027051 | ||
| 003 | DO-SdBNP | ||
| 005 | 20250123143042.0 | ||
| 007 | ta | ||
| 008 | 110329s1979 dr 000 0bspa d | ||
| 040 |
_aDO-SdBNP _bspa _cBNPHU _erda |
||
| 082 | 4 |
_a923.27293 _bD812p _222 |
|
| 100 | 1 |
_aPérez, Carlos Federico, _d1912-1984 _eautor _4aut. _924849 |
|
| 245 | 1 | 3 |
_aEl pensamiento y la acción en la vida de Juan Pablo Duarte / _cCarlos Federico Pérez. |
| 264 | 4 |
_aSanto Domingo : _bUniversidad Nacional Pedro Henríquez Ureña, (UNPHU), _c1979. |
|
| 300 |
_a278 páginas ; _c23 cm. |
||
| 336 |
_atexto _btxt _2rdacontent |
||
| 337 |
_asin mediación _bn _2rdamedia |
||
| 338 |
_avolumen _bnc _2rdacarrier |
||
| 505 | 0 |
_aPalabras previas -- _tEl legado tradicional en Santo Domingo y las ideas nuevas en el lapso de 1785 a 1809 -- _tEl período de la España Boba: 1809-1821 -- Acerca de la entrada y actuación de Duarte en la historia -- _tLos cimientos ideológicos -- _tAl pensamiento siguió la acción -- _tSurge el núcleo de la revolución: La Trinitaria -- _tDuarte se proyecta en ausencia -- _t¡Salve al Padre de la Patria! -- _tLa política como magisterio -- _tEl pensamiento de Duarte según las ideas y los hechos -- _t¡El revolucionario no había muerto! -- _tA modo de balance final -- _tCronología de la vida de Juan Pablo Duarte 1813-1876 -- _tBibliografía adicional por orden cronológico -- _tAnexo -- _tÍndice onomástico. |
|
| 586 | _aPremio Interamericano de la OEA | ||
| 590 | _aInventariado, 2020/VM | ||
| 600 | 1 | 4 |
_aDuarte, Juan Pablo, _d1813-1876 _91494 _xPensamiento político |
| 650 | 0 |
_aRepública Dominicana _99306 _xHistoria |
|
| 710 | 2 |
_aUniversidad Nacional Pedro Henríquez Ureña _983980 |
|
| 910 | _aValidado. Control de calidad/MAA | ||
| 942 |
_2ddc _cLBS1 |
||
| 999 |
_c26543 _d26543 |
||